Shared ownership and leasehold enfranchisement and designation of 'protected areas' (Record no. 108794)
[ view plain ]
| 000 -LEADER | |
|---|---|
| fixed length control field | 01760cad a22002655a 4500 |
| 001 - CONTROL NUMBER | |
| control field | L145438 |
| 008 - FIXED-LENGTH DATA ELEMENTS--GENERAL INFORMATION | |
| fixed length control field | 081009s20081008xxkd f 000 0 eng d |
| 020 ## - INTERNATIONAL STANDARD BOOK NUMBER | |
| International Standard Book Number | 9781409806028 |
| 035 ## - SYSTEM CONTROL NUMBER | |
| System control number | (Sirsi) u145438 |
| 041 0# - LANGUAGE CODE | |
| Language code of text/sound track or separate title | eng |
| 050 04 - LIBRARY OF CONGRESS CALL NUMBER | |
| Classification number | 346.4104346 $2 18 |
| 110 2# - MAIN ENTRY--CORPORATE NAME | |
| Corporate name or jurisdiction name as entry element | United Kingdom |
| Subordinate unit | Department for Communities and Local Government |
| 9 (RLIN) | 4939 |
| 245 00 - TITLE STATEMENT | |
| Title | Shared ownership and leasehold enfranchisement and designation of 'protected areas' |
| Remainder of title | a consultation paper |
| Medium | [electronic resource] |
| 260 ## - PUBLICATION, DISTRIBUTION, ETC. | |
| Place of publication, distribution, etc. | London |
| Name of publisher, distributor, etc. | DCLG |
| Date of publication, distribution, etc. | 2008 |
| 505 2# - FORMATTED CONTENTS NOTE | |
| Formatted contents note | What this paper covers -- Background -- Criteria for designating other 'protected areas' -- Conditions for the exclusion of a shared ownership lease from enfranchisement provisions -- How to respond -- Annexes: the consultation criteria; list of those consulted; list of orders detailing areas currently designated as rural for the purposes of right to acquire; impact assessment |
| 520 ## - SUMMARY, ETC. | |
| Summary, etc. | Sets out and seeks responses to the initial proposals for designation of 'protected areas' in rural areas. Opinions are sought on the types of location to be designated and terms and conditions for non-housing association shared ownership leases granted for houses. |
| 520 ## - SUMMARY, ETC. | |
| Summary, etc. | See also 'Shared ownership and leasehold enfranchisement: consultation' (L139471). |
| 520 ## - SUMMARY, ETC. | |
| Summary, etc. | All responses must be received by 31 December 2008. |
| 521 ## - TARGET AUDIENCE NOTE | |
| Target audience note | Advanced |
| 590 ## - LOCAL NOTE (RLIN) | |
| Local note | KA NTK |
| 651 #4 - SUBJECT ADDED ENTRY--GEOGRAPHIC NAME | |
| Geographic name | England and Wales |
| Chronological subdivision | 1543- |
| 690 ## - LOCAL SUBJECT ADDED ENTRY--TOPICAL TERM (OCLC, RLIN) | |
| Topical term or geographic name as entry element | PROPERTY-RESIDENTIAL PROPERTY-RESIDENTIAL LANDLORD AND TENANT-RESIDENTIAL LEASES-RESIDENTIAL LEASEHOLD ENFRANCHISEMENT |
| 856 40 - ELECTRONIC LOCATION AND ACCESS | |
| Uniform Resource Identifier | <a href="https://www.communities.gov.uk/publications/housing/protectedareasconsultation">https://www.communities.gov.uk/publications/housing/protectedareasconsultation</a> |
| Public note | View the item free of charge online at www.communities.gov.uk... |
| 942 ## - ADDED ENTRY ELEMENTS (KOHA) | |
| Suppress in OPAC | 0 |
| Withdrawn status | Lost status | Source of classification or shelving scheme | Damaged status | Not for loan | Home library | Current library | Shelving location | Date acquired | Total Checkouts | Full call number | Barcode | Date last seen | Copy number | Price effective from | Koha item type |
|---|---|---|---|---|---|---|---|---|---|---|---|---|---|---|---|
| Dewey Decimal Classification | Virtual | Virtual | Online | 09/10/2008 | ONLINE PUBLICATION | 145438-1001 | 06/08/2019 | 1 | 06/08/2019 | Book |